Hội thảo quốc tế : Nghiên cứu tư tưởng Nho gia Việt Nam từ hướng tiếp cận liên ngành /

Bewaard in:
Bibliografische gegevens
Hoofdauteur: Phương Thanh Thuỷ.
Formaat: Artikel
Taal:Vietnamese
Onderwerpen:
Tags: Voeg label toe
Geen labels, Wees de eerste die dit record labelt!
Thư viện lưu trữ: Thư viện Trường Đại học Đà Lạt
LEADER 00815nam a2200265 4500
001 DLU110115213
005 ##20110110
040 # # |a DLU  |b vie 
041 # # |a vie 
044 # # |a vn 
100 # # |a Phương Thanh Thuỷ. 
245 # # |a Hội thảo quốc tế :  |b Nghiên cứu tư tưởng Nho gia Việt Nam từ hướng tiếp cận liên ngành /  |c Phương Thanh Thuỷ. 
653 # # |a Đạo Khổng 
653 # # |a Nho học 
653 # # |a Tư tưởng  
773 # # |t Khoa học xã hội Việt Nam  |g Số 1(26), 2008, tr. 123 
920 # # |a Phòng Tạp chí -- Trung tâm Thông tin - Thư viện Trường Đại học Đà Lạt 
994 # # |a DLU 
900 # # |a True 
911 # # |a Nguyễn Thị Linh Chi 
925 # # |a G 
926 # # |a A 
927 # # |a BB 
980 # # |a Thư viện Trường Đại học Đà Lạt